|
|
|
|
| LEADER |
02139nam a2200613 i 4500 |
| 001 |
nkc20162796306 |
| 003 |
CZ PrNK |
| 005 |
20160609110539.0 |
| 007 |
ta |
| 008 |
160506s2016 xr a c f 001 0 cze |
| 015 |
|
|
|a cnb002796306
|
| 020 |
|
|
|a 978-80-7541-027-6
|q (brožováno)
|
| 035 |
|
|
|a (OCoLC)951554700
|
| 040 |
|
|
|a OLA001
|b cze
|d ABA001
|e rda
|
| 041 |
1 |
|
|a cze
|h ger
|
| 072 |
|
7 |
|a 636
|x Chov zvířat. Živočišná výroba
|2 Konspekt
|9 24
|
| 072 |
|
7 |
|a 0/9-053.2
|x Literatura pro děti a mládež (naučná)
|2 Konspekt
|9 26
|
| 080 |
|
|
|a 635.926
|2 MRF
|
| 080 |
|
|
|a 636.98:597.2/.5
|2 MRF
|
| 080 |
|
|
|a (035)
|2 MRF
|
| 080 |
|
|
|a (0.053.2)
|2 MRF
|
| 100 |
1 |
|
|a Koslowski, Ingo
|7 xx0117148
|4 aut
|
| 240 |
1 |
0 |
|a Aquarien - Spaß für Kinder.
|l Česky
|
| 245 |
1 |
0 |
|a Akvárium - zábava pro děti /
|c autor: Ingo Koslowski
|
| 246 |
3 |
0 |
|a Akvárium
|
| 250 |
|
|
|a České vydání druhé
|
| 264 |
|
1 |
|a Praha :
|b Vašut,
|c 2016
|
| 300 |
|
|
|a 64 stran :
|b barevné ilustrace ;
|c 20 cm
|
| 336 |
|
|
|a text
|b txt
|2 rdacontent
|
| 336 |
|
|
|a statický obraz
|b sti
|2 rdacontent
|
| 337 |
|
|
|a bez média
|b n
|2 rdamedia
|
| 338 |
|
|
|a svazek
|b nc
|2 rdacarrier
|
| 490 |
1 |
|
|a Jak na to
|
| 500 |
|
|
|a Z němčiny přeložil Jaroslav Hofmann
|
| 500 |
|
|
|a Obálkový podnázev: dobrodružství pod vodou
|
| 504 |
|
|
|a Obsahuje bibliografické odkazy a rejstřík
|
| 650 |
0 |
7 |
|a akvarijní ryby
|7 ph114021
|2 czenas
|
| 650 |
0 |
7 |
|a akvarijní rostliny
|7 ph114020
|2 czenas
|
| 650 |
0 |
7 |
|a akvaristika
|7 ph114022
|2 czenas
|
| 650 |
0 |
9 |
|a aquarium fishes
|2 eczenas
|
| 650 |
0 |
9 |
|a aquarium plants
|2 eczenas
|
| 650 |
0 |
9 |
|a aquaristics
|2 eczenas
|
| 655 |
|
7 |
|a příručky
|7 fd133209
|2 czenas
|
| 655 |
|
7 |
|a publikace pro děti
|7 fd133156
|2 czenas
|
| 655 |
|
9 |
|a handbooks and manuals
|2 eczenas
|
| 655 |
|
9 |
|a children's literature
|2 eczenas
|
| 700 |
1 |
|
|a Hofmann, Jaroslav,
|d 1961-
|7 xx0013297
|4 trl
|
| 830 |
|
0 |
|a Jak na to (Jan Vašut)
|0 s
|
| 910 |
2 |
|
|a BOA001
|b 1-1367.414
|
| 928 |
9 |
|
|a Jan Vašut
|
| 990 |
|
|
|a BK
|
| 995 |
|
|
|a 01
|
| 991 |
|
|
|b 201605
|c NOV
|
| 996 |
6 |
|
|b 2610670188
|c 1-1367.414
|l MZK
|r Sklad / do 1 hodiny
|n 3
|p p.v.
|w 001560884
|u 000010
|a 1
|e BOA001
|j MZK50
|s P
|